[Event "21st Dubai Open 2019"]
[Site "Dubai"]
[Date "2019.04.03"]
[Round "3.10"]
[White "Tokhirjonova, Gulrukhbegim"]
[Black "Bellahcene, Bilel"]
[Result "1/2-1/2"]
[WhiteElo "2427"]
[BlackElo "2538"]
[Annotator "TA"]
[PlyCount "132"]
[EventDate "2019.04.01"]
[EventType "swiss"]
[EventCountry "UAE"]
[SourceTitle "playchess.com"]
[Source "ChessBase"]
[SourceQuality "1"]

{[%evp 9,132,22,21,14,12,13,27,26,37,22,43,4,18,0,4,-13,16,6,0,0,17,-4,-4,-5,-12,-5,0,-62,-35,-44,-32,-43,-21,-21,-21,-21,-21,-39,-35,-31,-23,-27,-13,-11,-11,-62,-48,-68,-45,-167,-158,-150,-139,-155,-153,-220,-163,-178,-172,-276,-263,-247,-66,-66,-66,-66,-64,-72,-71,-85,-97,-143,-154,-168,-79,-70,-70,-78,-76,-77,-81,-92,-81,-78,-104,-130,-79,-100,-8,-14,-14,-14,-15,-17,-16,-103,-16,-18,-18,-18,-18,-37,-16,-18,-17,-18,-8,-8,-8,-8,0,-8,0,-25,-25,-25,0,0,0,0,0,0,0,-12,-12]} 1. e4 c5 2. Nf3 d6 3. Bb5+ Nd7 4. Ba4 (4. c3 Ngf6 5. Qe2 a6 6. Ba4 b5 7. Bc2 Bb7 8. d4 g6 9. O-O Bg7 10. e5 dxe5 11. dxe5 Bxf3 12. gxf3 Nd5 13. e6 N7f6 14. c4 bxc4 15. exf7+ Kxf7 {0-1 (31) Mamedov,R (2701)-Nepomniachtchi,I (2771) Astana 2019}) 4... Ngf6 5. O-O g6 6. Re1 {B51: Sicilian: Moscow Variation (3 Bb5+) without 3...Bd7} Bg7 7. c3 O-O 8. d4 {White has an edge.} e5 9. dxe5 dxe5 $146 ({Predecessor:} 9... Nxe5 10. Nxe5 dxe5 11. Qxd8 Rxd8 {½-½ (50) Roganovic,M (2517)-Indjic,A (2599) Niksic 2018}) 10. Nbd2 Qc7 11. Nc4 Rd8 12. Qe2 Nb6 13. Nxb6 axb6 14. Bb3 h6 15. Nd2 Bd7 16. Nf1 b5 17. Bc2 c4 18. b3 (18. a3 $11) 18... Be6 {White must now prevent ...cxb3.} 19. b4 Ra6 20. a4 bxa4 21. Rxa4 Rxa4 22. Bxa4 Ra8 23. Qd1 {[#]} b5 $1 $36 {[%mdl 2560] Black has some pressure.} 24. Bc2 $1 (24. Bxb5 Qb6) 24... Qc6 25. f3 Nd7 26. Be3 h5 27. Nd2 (27. Qc1 $11) 27... Bf6 28. Qe2 Bd8 29. f4 (29. Nf1 $15) 29... exf4 $19 30. Bxf4 Ra3 31. e5 Bg4 32. Be4 (32. Qe4 $17 Qe6 33. Bb1) 32... Qb6+ ({Inferior is} 32... Bxe2 33. Bxc6 Bb6+ 34. Kh1 $11) 33. Qf2 Rxc3 34. Qxb6 (34. h3 $142 Qxf2+ 35. Kxf2 Bb6+ 36. Kf1) 34... Bxb6+ ({Resist} 34... Nxb6 35. Nf3 $17) 35. Kf1 Bf5 $2 (35... Nf8 $19 {...Ne6 is the strong threat.} 36. Bg3 Ne6) 36. Bxf5 $15 gxf5 37. e6 fxe6 38. Rxe6 Rd3 39. Ke2 Rd5 40. Nb1 Bd4 $1 41. Rd6 Rxd6 (41... Nf6 $1 $19 {is more deadly.} 42. Rc6 Bb2) 42. Bxd6 $19 {[%mdl 4096] Endgame KBN-KBN} Bb2 $1 43. Kd1 Nb6 44. Kc2 Na4 $1 45. Bf4 Kf7 46. Bc1 {[#]} Be5 $1 47. Na3 Bxh2 ({Black should play} 47... Nb6 48. Bd2 Nd5 49. Nxb5 Bxh2) 48. Nxb5 $17 h4 ({Black should try} 48... Nb6 $17 49. Nd4 Nd5) 49. Na3 Nb6 {Hoping for ...f4.} 50. Be3 Nd5 51. Bg5 Bg3 {aiming for ...f4.} 52. Nxc4 {[#]} Nxb4+ ({Better is} 52... f4 $1 $17 {[%cal Rf4f3]} 53. Bxh4 Bxh4) 53. Kc3 Nc6 {And now ...Kg6 would win.} 54. Kd3 Kg6 55. Bd2 Nd8 56. Ke2 Ne6 57. Bc3 Nf4+ 58. Kf3 Nd3 59. Ke2 Nf4+ (59... Nc1+ {seems wilder.} 60. Kf3 Nb3 61. Ne5+ Kf6 62. Nc6+ Kg5) 60. Kf3 Ne6 61. Ke2 Kg5 62. Kf3 f4 63. Nd6 {The position is equal.} Bh2 64. Ne4+ Kf5 65. Nd6+ Kg6 {Threatens to win with ...Ng5+.} 66. Kg4 {[#]} f3 $1 {[%mdl 576] Discovered Attack. Accuracy: White = 60%, Black = 58%.} 1/2-1/2

[Event "21st Dubai Open 2019"]
[Site "Dubai"]
[Date "2019.04.03"]
[Round "3.11"]
[White "Yeoh, Li Tian"]
[Black "Mendonca, Leon Luke"]
[Result "1-0"]
[WhiteElo "2522"]
[BlackElo "2427"]
[Annotator "TA"]
[PlyCount "71"]
[EventDate "2019.04.01"]
[EventType "swiss"]
[EventCountry "UAE"]
[SourceTitle "playchess.com"]
[Source "ChessBase"]
[SourceQuality "1"]

{[%evp 27,71,60,70,70,75,65,71,73,109,81,77,38,65,35,66,81,66,60,71,64,74,66,66,73,83,84,83,77,83,83,94,74,140,144,362,375,371,371,348,335,417,430,422,421,404,379]} 1. g3 g6 2. Bg2 Bg7 3. c4 e5 4. Nc3 d6 5. Nf3 Nf6 6. d4 exd4 7. Nxd4 O-O 8. O-O a5 9. h3 Na6 10. e4 Nc5 11. Be3 Re8 12. Qc2 c6 13. Rfe1 Qc7 14. Rad1 Be6 15. b3 {E69: King's Indian: Fianchetto: 6...Nbd7 7 0-0 e5 8 e4 c6 9 h3} Rad8 {[#]} 16. Qc1 $146 ({Predecessor:} 16. f4 Bc8 17. Bf2 h5 18. Nf3 Nh7 19. Bd4 Bxd4+ 20. Rxd4 Nf8 21. Kh2 Qe7 22. Qf2 Nfe6 {0-1 (41) Korobov,A (2713)-Bachmann,A (2609) Moscow 2016}) 16... Bc8 {[%cal Rf6e4]} 17. Bg5 {White is better.} Re5 18. Bf4 Ree8 19. Qa3 Qb6 20. Bg5 h6 21. Be3 $1 Qb4 ({Not} 21... Ncxe4 $2 22. Ne6 $1 $18 {[%mdl 512]}) ({But not} 21... Nfxe4 22. Nxe4 Nxe4 23. Ne6 $1 $16 {[%mdl 512]}) 22. Qc1 Nfxe4 23. Nxe4 Nxe4 24. Nc2 $1 {[%cal Rc2b4]} Qc3 25. Bb6 Ng5 26. Bxd8 Rxd8 27. Re3 Qf6 28. Kh2 Qf5 {[%cal Rg5h3]} 29. Nd4 $36 {[%mdl 2048] Keeping Black busy.} Bxd4 (29... Qc5 $142 30. Ne2 a4) 30. Rxd4 $16 {[%cal Bd1d4,Bd4f4,Bf4f1][%mdl 32]} Qxf2 $2 (30... Nxh3 $16 31. Bxh3 Qxh3+ 32. Kg1 Qf5) 31. Rf4 $1 $18 {[%cal Rf4f2]} Qxa2 {Threatens to win with ...Bxh3.} 32. Kg1 $1 Bf5 {[#]} 33. g4 $1 {[%cal Rg4f5]} Qb1 34. Qxb1 Bxb1 {[#]} 35. Rf1 $1 Bc2 36. Rc1 {Accuracy: White = 71%, Black = 47%.} 1-0

[Event "21st Dubai Open 2019"]
[Site "Dubai"]
[Date "2019.04.03"]
[Round "3.12"]
[White "Assaubayeva, Bibisara"]
[Black "Chanda, Sandipan"]
[Result "1/2-1/2"]
[WhiteElo "2381"]
[BlackElo "2521"]
[Annotator "TA"]
[PlyCount "64"]
[EventDate "2019.04.01"]
[EventType "swiss"]
[EventCountry "UAE"]
[SourceTitle "playchess.com"]
[Source "ChessBase"]
[SourceQuality "1"]

{[%evp 17,64,31,25,0,16,-45,-35,-37,0,-1,99,106,96,52,48,54,79,77,87,75,77,64,159,62,76,77,52,41,42,25,37,25,38,43,36,36,36,43,31,22,35,41,28,7,26,35,26,27,21]} 1. Nf3 f5 2. d3 Nc6 3. d4 (3. e4 e5 4. Nc3 Bb4 5. exf5 d5 6. d4 e4 7. Bg5 Be7 8. Bxe7 Ngxe7 9. Nh4 Bxf5 10. Qh5+ g6 11. Qh6 Qd6 12. Bb5 {½-½ (30) Malakhov,V (2654)-Ivanchuk,V (2714) Zagreb 2018}) 3... e6 4. g3 Nf6 5. Bg2 d6 6. c4 {A04: Unusual lines after 1 Nf3 and King's Indian Attack} e5 7. d5 Nb8 8. Nc3 Be7 9. O-O O-O {LiveBook: 5 Games} 10. Rb1 $146 ({Predecessor:} 10. Ng5) 10... Qe8 11. c5 ({White has to play} 11. Ng5 $1 $11) 11... Na6 12. cxd6 cxd6 13. b4 f4 (13... h6 $11) 14. gxf4 $16 exf4 15. Nd4 Ng4 16. Ne6 $1 {[%cal Re6f8]} Bxe6 17. dxe6 Nc7 {[#]} 18. Nd5 $1 {[%cal Rd5c7]} Nxd5 19. Qxd5 Ne5 ({Black should try} 19... Rb8 $14) 20. Bb2 (20. Qxb7 $16 Rc8 21. b5 (21. Qxa7 f3 $16)) 20... f3 $14 21. exf3 Ng6 22. Bc1 Nh4 {[#] Strongly threatening ...Qg6.} 23. f4 Qg6 24. Rb3 {Threatens to win with Rg3.} Nxg2 25. Rg3 Nxf4 26. Bxf4 Qf5 $1 {[%cal Rf5d5]} 27. Qxf5 ({Reject} 27. Qd4 Bf6 $11) 27... Rxf5 28. Bh6 Bf6 29. Rc1 $1 {Bxg7! is the strong threat.} Kh8 30. Be3 Re5 31. Bd4 Rxe6 32. Bxf6 gxf6 {Accuracy: White = 61%, Black = 56%.} 1/2-1/2

[Event "21st Dubai Open 2019"]
[Site "Dubai"]
[Date "2019.04.03"]
[Round "3.13"]
[White "Kuybokarov, Temur"]
[Black "Bharath Subramaniyam H"]
[Result "1-0"]
[WhiteElo "2519"]
[BlackElo "2301"]
[Annotator "TA"]
[PlyCount "73"]
[EventDate "2019.04.01"]
[EventType "swiss"]
[EventCountry "UAE"]
[SourceTitle "playchess.com"]
[Source "ChessBase"]
[SourceQuality "1"]

{[%evp 15,73,13,13,13,13,13,13,13,13,13,19,19,19,8,20,8,9,0,15,20,14,16,32,32,32,28,27,27,27,27,28,28,46,60,57,50,37,54,85,72,84,84,118,62,61,70,599,580,587,576,608,608,600,595,585,568,664,645,627,624]} 1. d4 Nf6 2. c4 e6 3. Nf3 b6 4. g3 Bb4+ 5. Bd2 Be7 6. Nc3 Bb7 7. Bg2 c6 8. e4 d5 9. exd5 {E16: Queen's Indian: 4 g3 Bb7 5 Bg2 Bb4+} cxd5 10. Ne5 O-O 11. O-O {The position is equal.} Nc6 12. cxd5 Nxe5 13. d6 Nc6 14. dxe7 Qxe7 15. Bg5 h6 16. d5 Na5 17. Bxf6 Qxf6 18. dxe6 Qxe6 {[#]} 19. Re1 $146 Qf6 20. Nd5 Bxd5 21. Bxd5 Rad8 {aiming for ...Qg5.} 22. Qf3 Qxb2 23. Rad1 Rd7 24. Qf5 {[%mdl 1024] White has compensation.} Rc7 $1 25. Be4 $1 {[%csl Ge4][%cal Rf5h7]} g6 26. Qf4 Re7 27. Bd5 $1 ({Much weaker is} 27. Qxh6 $6 Rfe8 $11) 27... Rxe1+ 28. Rxe1 Qb5 {[#]} 29. Qd6 (29. Re5 $1 $16 Kg7 30. Qd4) 29... Kg7 $14 {With the idea ...Nc4.} 30. Re7 $40 {[%mdl 128] White has some attack.} Nc4 $2 {[%mdl 8192] [#]} (30... Qb1+ $14 31. Kg2 Qf5) 31. Qe6 $1 $18 {[%cal Re7f7] White is clearly winning.} Qb1+ 32. Kg2 {[%cal Re7f7]} Ne3+ 33. fxe3 {[%cal Re7f7]} Qc2+ 34. Kh3 {[%cal Re7f7]} Qf2 35. Qe5+ Kh7 36. Qf4 Qxf4 37. gxf4 {Accuracy: White = 91%, Black = 56%.} 1-0

[Event "21st Dubai Open 2019"]
[Site "Dubai"]
[Date "2019.04.03"]
[Round "3.14"]
[White "Raghunandan, Kaumandur Srihari"]
[Black "Sanal, Vahap"]
[Result "1-0"]
[WhiteElo "2370"]
[BlackElo "2513"]
[Annotator "TA"]
[PlyCount "97"]
[EventDate "2019.04.01"]
[EventType "swiss"]
[EventCountry "UAE"]
[SourceTitle "playchess.com"]
[Source "ChessBase"]
[SourceQuality "1"]

{[%evp 20,97,28,3,13,7,19,13,15,25,16,18,10,16,93,88,88,44,89,80,74,22,91,90,82,89,72,85,130,125,127,111,525,520,516,501,680,676,669,667,645,632,583,566,558,549,560,544,517,461,522,510,527,523,601,564,567,539,625,617,808,798,766,749,775,918,5239,5147,1759,887,988,988,927,922,879,859,5381,5432,29970,29971]} 1. e4 e5 2. Nf3 Nc6 3. Bc4 Bc5 4. O-O Nf6 5. d3 O-O 6. c3 d5 7. exd5 Nxd5 8. Re1 Bg4 9. Nbd2 {C54: Giuoco Piano: 4 c3 Nf6, main lines with 5 d4 and 5 d3} (9. h3 Bh5 10. a4 a5 11. Nbd2 Nb6 12. Bb5 Bd6 13. Ne4 Na7 14. d4 exd4 15. Nxd6 Qxd6 16. Qxd4 Nxb5 17. axb5 Qxd4 18. Nxd4 {½-½ (32) Harikrishna,P (2730)-Vidit,S (2711) Prague 2019}) 9... Nb6 10. h3 Bh5 11. Bb3 {LiveBook: 7 Games. White has an edge.} Qxd3 12. Nxe5 Qf5 13. Nef3 $1 Rfe8 14. g4 $1 {[%cal Rg4f5] [#]} Bxg4 $1 {[%mdl 512]} 15. hxg4 Qxg4+ 16. Kh1 {[#]} Qh3+ $146 {[#]} (16... Ne5 $1 $11 {[%mdl 512]} 17. Rxe5 (17. Nxe5 Qh3+ 18. Kg1 Qg3+ 19. Kh1 Qh3+ 20. Kg1 Qg3+ 21. Kh1 Qh3+ $11) 17... Qh3+ 18. Kg1 Qg3+ 19. Kh1 Qh3+ 20. Kg1 Qg3+ 21. Kh1 Qh3+) ({Predecessor:} 16... Ne5) 17. Nh2 $1 $16 {Strongly threatening Ne4.} Ne5 {...Ng4! is the strong threat.} 18. Qe2 Ng4 {[%csl Gg4][%cal Rh3h2]} 19. Qxe8+ Rxe8 20. Rxe8+ Bf8 {[%csl Gg4][%cal Rh3h2]} 21. Ndf3 Nxf2+ 22. Kg1 Qg3+ 23. Kf1 {Threatens to win with Ng5.} Ng4 24. Nxg4 Qxf3+ 25. Nf2 Nd5 $2 {[%mdl 8192] [#]} (25... Qf5 $16 {is more resistant.}) 26. Bg5 $1 $18 Qf5 27. Rd1 Nf6 28. Bxf6 $1 {White wants to mate with Rxf8+!} Qb5+ 29. Re2 gxf6 30. Rd5 Qc6 31. Ne4 {White threatens Rg2+ and mate.} Be7 32. Ng3 Kf8 33. Nf5 Bd6 34. Ke1 a6 35. Kd1 b5 36. a3 Qb6 37. Nxd6 cxd6 38. Red2 Qg1+ 39. Kc2 h5 40. Rxd6 Qg6+ 41. Kc1 h4 42. Rd7 h3 43. Rxf7+ Ke8 44. Rfd7 {Threatening mate with Rd8+.} Qg1+ 45. Kc2 {Intending Rd8+ and mate.} Qg6+ 46. R7d3 Qe4 47. Rh2 a5 48. Rhxh3 Qg2+ 49. Kb1 {Precision: White = 85%, Black = 42%.} 1-0

[Event "21st Dubai Open 2019"]
[Site "Dubai"]
[Date "2019.04.03"]
[Round "3.15"]
[White "Shyaamnikhil P"]
[Black "Le, Quang Liem"]
[Result "0-1"]
[WhiteElo "2429"]
[BlackElo "2711"]
[Annotator "TA"]
[PlyCount "80"]
[EventDate "2019.04.01"]
[EventType "swiss"]
[EventCountry "UAE"]
[SourceTitle "playchess.com"]
[Source "ChessBase"]
[SourceQuality "1"]

{[%evp 9,80,18,11,17,20,10,17,0,2,0,0,0,5,0,0,3,0,0,12,12,13,0,26,0,5,-23,22,-31,8,0,0,0,0,-10,0,-26,-24,-26,-25,-30,-34,-33,-31,-31,-37,-29,-23,-54,-50,-45,-44,-89,0,-55,-53,-60,-33,-118,-111,-108,-110,-112,-112,-112,-112,-110,-110,-462,-458,-521,-504,-566,-491]} 1. g3 c5 2. Bg2 g6 3. c3 Bg7 4. d4 cxd4 5. cxd4 d5 6. Nc3 {A40: Unusual replies to 1 d4} e6 7. e3 (7. Nf3 Nc6 8. Bf4 Nge7 9. Qd2 Nf5 10. Nb5 O-O 11. g4 Nfe7 12. h3 Bd7 13. Bc7 Qc8 14. Bd6 a6 15. Nc3 Qd8 {1-0 (40) Petrosian,T (2593)-Shimanov,A (2631) Chicago 2016}) 7... Ne7 8. Nge2 {The position is equal.} Nbc6 9. O-O b6 10. b3 O-O 11. Ba3 a5 $146 ({Predecessor:} 11... Ba6 12. Rc1 Rc8 13. Qd2 Qd7 14. Rc2 Rfd8 15. Rfc1 Nf5 16. Nf4 Nd6 17. Nd3 Bf8 18. Qd1 Nb7 19. Bxf8 Kxf8 20. Bf1 {½-½ (20) Kleman,M (2207)-Meszaros,M (2309) Slovakia 2003}) 12. Qd2 Ba6 13. Rfc1 Qb8 14. Nf4 Rd8 15. Rab1 Nf5 16. Qe1 {[%cal Rc3d5]} Qb7 17. Na4 Rac8 18. Rb2 (18. b4 $11 axb4 19. Bxb4) 18... Bb5 19. Rbc2 Bxa4 20. bxa4 Bf8 21. Bxf8 Kxf8 22. a3 Nce7 23. Bf1 Nd6 24. Bd3 Qd7 25. Rxc8 Rxc8 26. Rxc8+ Nexc8 27. Qd1 Qc6 28. Qb3 Nc4 29. Bxc4 dxc4 30. Qc2 b5 (30... Ke8 $17) 31. axb5 ({White should play} 31. Qc3 $11 Ne7 32. Qxa5 bxa4 33. Qd8+ Qe8 34. Qxe8+ Kxe8 35. Ne2) 31... Qxb5 $15 32. Ne2 a4 33. Nc3 (33. Qc3 $15) 33... Qb3 $17 34. Qc1 Nd6 35. d5 {[#]} exd5 $1 36. Nxd5 {[#]} Ne4 $1 {Hoping for ...c3.} 37. f3 Ng5 {aiming for ...Qd3.} 38. Nc3 $2 {[%mdl 8192]} (38. e4 $17 {nothing else works.} Nxf3+ 39. Kg2 Qc2+ {[%mdl 64] Deflection, Decoy} 40. Qxc2 Ne1+ {[%mdl 64] Double Attack} 41. Kf2 Nxc2 42. Nb6) 38... Nxf3+ $19 {Black is clearly winning.} 39. Kg2 Ne5 40. e4 Kg7 {Accuracy: White = 30%, Black = 59%.} 0-1

[Event "21st Dubai Open 2019"]
[Site "Dubai"]
[Date "2019.04.03"]
[Round "3.16"]
[White "Haug, Johannes"]
[Black "Mareco, Sandro"]
[Result "0-1"]
[WhiteElo "2424"]
[BlackElo "2651"]
[Annotator "TA"]
[PlyCount "68"]
[EventDate "2019.04.01"]
[EventType "swiss"]
[EventCountry "UAE"]
[SourceTitle "playchess.com"]
[Source "ChessBase"]
[SourceQuality "1"]

{[%evp 9,68,0,18,0,0,8,11,0,4,-18,-15,-19,-12,-29,-37,-72,-30,-27,-16,-21,-8,-7,-7,-28,-24,-36,-6,-12,0,0,0,0,0,0,23,27,32,18,29,0,-12,-17,-21,-66,0,-11,-10,-465,-510,-498,-487,-1392,-671,-771,-777,-687,-710,-901,-858,-29989,-29987]} 1. d4 Nf6 2. c4 e6 3. Nf3 d5 4. e3 b6 5. Nbd2 (5. Bd3 Bd6 6. O-O O-O 7. Nc3 Bb7 8. Qe2 Nbd7 9. e4 dxe4 10. Nxe4 Nxe4 11. Bxe4 Bxe4 12. Qxe4 h6 13. Rd1 Qe7 14. b3 Nf6 15. Qe2 a5 16. a4 Rfd8 17. Bb2 c6 18. Ne5 Bxe5 19. Qxe5 Qd6 20. Qe2 {0-1 (57) Andreikin,D (2719)-Wang,H (2730) St Petersburg 2018}) 5... Bd6 6. b3 {E14: Queen's Indian: Classical Variation (4 e3)} O-O 7. Bd3 c5 $146 ({Predecessor:} 7... Re8 8. Bb2 Nc6 9. Ne5 Bb7 10. e4 Bb4 11. Nxc6 Bxc6 12. cxd5 exd5 13. e5 Bxd2+ 14. Qxd2 {½-½ (22) Nghiem,T (1714)-Thuong,N (1748) Ho Chi Minh City 2014}) 8. e4 {And now e5 would win.The position is equal.} Be7 9. dxc5 Na6 {[%cal Bb8a6,Ba6c5,Bc5e6,Be6f4][%mdl 32]} 10. exd5 Nxc5 11. Be2 exd5 12. Bb2 Ne6 13. O-O Nf4 14. Ne5 Bb7 15. Bf3 Re8 {Threatening ...Bd6.} 16. cxd5 N6xd5 17. Ne4 Rc8 18. g3 Nh3+ 19. Kg2 f5 20. Kxh3 fxe4 21. Bxe4 Nf4+ {[%mdl 64] Discovered Attack} 22. gxf4 {Threatens to win with Qh5.} Bxe4 23. Qg4 {Intending Qe6+ and mate.} Bf8 {aiming for ...Rxe5!} 24. f3 Qd2 {White must now prevent ...Rc2.} 25. fxe4 Qxb2 26. Rad1 Qxa2 $40 {[%mdl 128] Black attacks.} ({Black should try} 26... Rc2 $1 $15 27. Nf3 Rxe4) 27. Rd3 $11 Rc2 28. Qg3 $2 {[%mdl 8192]} (28. Rh1 $11 {and White stays safe.}) 28... Re6 $19 29. Ng4 {[#] White wants to play f5.} Rg6 $1 {Hoping for ...h5.} 30. Rf2 {[#]} (30. f5 $142 Rxg4 31. Kxg4) 30... h5 (30... Rxg4 $142 $1 {[%mdl 512]} 31. Qxg4 Rxf2 32. Qe6+ Kh8) 31. Nf6+ Rxf6 32. Rxc2 Qxc2 33. e5 {[#]} Rxf4 $1 {[%mdl 512]} 34. Rd8 (34. Qxf4 Qxd3+) 34... Qf5+ {[%mdl 64] Double Attack. Accuracy: White = 43%, Black = 56%.} 0-1

[Event "21st Dubai Open 2019"]
[Site "Dubai"]
[Date "2019.04.03"]
[Round "3.17"]
[White "Dimakiling, Oliver"]
[Black "Tabatabaei, M.amin"]
[Result "1/2-1/2"]
[WhiteElo "2404"]
[BlackElo "2612"]
[Annotator "TA"]
[PlyCount "119"]
[EventDate "2019.04.01"]
[EventType "swiss"]
[EventCountry "UAE"]
[SourceTitle "playchess.com"]
[Source "ChessBase"]
[SourceQuality "1"]

{[%evp 14,119,21,27,30,18,29,26,20,16,35,30,25,0,0,0,0,0,0,0,0,-8,0,-10,-8,-2,0,0,0,-14,-7,-7,-6,-7,-7,-10,-7,-36,-35,-40,-32,-65,-76,-84,-75,-73,-46,-71,-70,-67,-68,-81,-73,-69,-68,-101,-91,-140,-146,-100,-25,-25,-14,-223,-252,-273,-256,-227,-112,-116,-115,-117,-8,-252,-832,-814,-673,-799,-839,-811,-688,-431,-114,-114,-114,-116,-116,-115,0,0,0,0,0,0,0,0,0,0,0,0,0,0,0,0,0,0,0,0]} 1. Nf3 g6 2. g3 Bg7 3. d4 d6 4. Bg2 Nf6 5. O-O O-O 6. Re1 Nbd7 7. e4 e5 8. Nc3 b6 {B07: Pirc Defence: Miscellaneous Systems} (8... Re8 9. h3 c6 10. a4 b6 11. Bg5 Bb7 12. Qd2 Qc7 13. Rad1 a6 14. dxe5 dxe5 15. Qd6 Qxd6 16. Rxd6 h6 17. Bxf6 Nxf6 18. Nd2 {½-½ (80) Kramnik,V (2792)-Grischuk,A (2766) Paris 2018}) 9. a4 a5 10. dxe5 dxe5 {White has an edge.} 11. b3 Bb7 12. Ba3 Re8 13. Bf1 $146 ({Predecessor:} 13. Qe2 Bf8 14. Bxf8 Kxf8 15. Qd2 c6 16. Rad1 {½-½ (66) Dzagnidze,N (2376)-Kachiani Gersinska,K (2444) Istanbul 2003}) 13... Bf8 14. Bxf8 Rxf8 15. Bc4 Qe7 16. Qd2 Kg7 17. Nh4 h6 18. Ng2 Rad8 {Threatening ...Nc5.} 19. f3 Nc5 20. Qf2 Ne6 21. Bxe6 Qxe6 22. Rad1 Nh7 23. Qe2 Rxd1 24. Rxd1 f5 25. h4 Nf6 26. exf5 $1 Qxf5 27. Rd3 Rf7 28. g4 Qe6 29. Re3 Qc6 30. Qb5 {[#]} e4 $1 {[%mdl 512]} 31. Nxe4 Qxb5 ({Inferior is} 31... Qxc2 32. Nxf6 Rxf6 33. Re7+ Kg8 34. Qe8+ Rf8 35. Qd7 $16) 32. axb5 Bxe4 $1 33. fxe4 Nxg4 $15 {[%mdl 4096] Endgame KRN-KRN} 34. Rg3 Ne5 35. h5 Rf3 36. Kh2 Rxg3 (36... Kf6 $17 37. hxg6 Rxg3 38. Kxg3 Nxg6) 37. Kxg3 $17 {KN-KN} c6 38. bxc6 $2 (38. c4 $1 $11 {and White stays safe.}) 38... Nxc6 $19 39. hxg6 b5 {[%cal Bb6b5,Bb5b4,Bb4b3,Bb3b2][%mdl 32]} 40. Ne3 Kxg6 (40... a4 $19 {and Black stays clearly on top. aiming for ...a3.} 41. bxa4 bxa4) 41. c4 $17 b4 $1 42. c5 Ne5 ({But not} 42... Nd4 $6 43. Nc4 $15) (42... Kg5 $1 $17 {next ...h5 is good for Black.} 43. Nf1 h5) 43. Nf5 $2 {[#]} (43. Nc2 $11 {and White has nothing to worry.}) 43... a4 $1 $19 {[%cal Ra4b3][%mdl 512]} 44. bxa4 b3 45. Ne7+ Kg5 {( -> ...b2)} 46. Nd5 b2 47. Nc3 {[#] intending a5.} Nc6 $1 48. Nb1 Kf6 {[%mdl 1024] Black has strong compensation.} 49. Kf4 Ke6 50. Ke3 {[#]} Ke5 ({Black should try} 50... h5 $1 $17 {Hoping for ...Kf6.} 51. Kf4 Kf6) 51. Nd2 $11 {The position is equal.} Na5 52. Kd3 $1 h5 {White should prevent ...h4.} 53. Kc2 Kf4 54. e5 Kxe5 55. Kxb2 Kf4 56. Kc3 {And now Kb4 would win.} h4 57. Nf1 {Strongly threatening Kb4.} Kf3 58. Kd4 Kf2 (58... Kg2 $5 59. Ne3+ $8 Kf3 $11) 59. Nh2 h3 (59... Kg2 $5 60. Ng4 $8 Kg3 $11) 60. Kd5 {Accuracy: White = 62%, Black = 80%.} 1/2-1/2

[Event "21st Dubai Open 2019"]
[Site "Dubai"]
[Date "2019.04.03"]
[Round "3.18"]
[White "Mchedlishvili, Mikheil"]
[Black "Tissir, Mohamed"]
[Result "1/2-1/2"]
[WhiteElo "2610"]
[BlackElo "2386"]
[Annotator "TA"]
[PlyCount "80"]
[EventDate "2019.04.01"]
[EventType "swiss"]
[EventCountry "UAE"]
[SourceTitle "playchess.com"]
[Source "ChessBase"]
[SourceQuality "1"]

{[%evp 21,80,39,36,20,59,43,63,31,99,64,51,41,40,58,80,0,14,20,0,0,0,-8,40,40,86,84,74,60,75,64,118,85,171,94,138,43,34,36,69,52,62,80,86,75,80,-87,22,-50,113,62,118,-11,-13,-66,-46,-71,-61,-91,-23,-26,-22]} 1. c4 Nf6 2. Nc3 g6 3. g3 Bg7 4. Bg2 O-O 5. d4 d6 6. Nf3 Nbd7 7. O-O e5 8. e4 c6 9. h3 Re8 10. Be3 a5 11. Qc2 a4 12. Rab1 {E69: King's Indian: Fianchetto: 6...Nbd7 7 0-0 e5 8 e4 c6 9 h3} (12. b3 exd4 13. Nxd4 a3 14. Rad1 Qa5 15. Nde2 Bf8 16. Bd4 b5 17. cxb5 cxb5 18. Nf4 Bb7 19. Bxf6 Nxf6 {½-½ (65) Vaganian,R (2596)-Li,S (2559) Moscow 2009}) 12... h6 $146 ({Predecessor:} 12... exd4 13. Nxd4 Nc5 14. Rfe1 Nfd7 15. b3 Ne5 16. Red1 axb3 17. axb3 Na6 18. Na2 Qe7 19. f4 Nd7 20. Bf2 Ndc5 21. Re1 Ne6 22. Ne2 g5 23. b4 gxf4 24. gxf4 Kh8 25. Nac3 {1-0 (46) Mena Crespo,C (2413)-De la Paz Perdomo,F (2442) Havana 2006}) 13. Rfd1 Qe7 14. Re1 {White is slightly better.} a3 (14... exd4 $14 15. Bxd4 Nc5) 15. b4 exd4 16. Nxd4 Ne5 17. Nce2 Ned7 {[%cal Rf6e4]} 18. Nc3 (18. Bd2 $16) 18... Ne5 $11 19. Qe2 Be6 $1 {[%cal Re6c4]} 20. Nxe6 Qxe6 21. Bf1 Ned7 22. Bd4 Kh7 23. f4 Nh5 24. Bxg7 Kxg7 25. Qf3 Qf6 (25... Qe7 $14) 26. Re3 Re6 {[#]} (26... Qe7 $16 {was called for.}) 27. Ne2 (27. c5 $1 $18 {[%mdl 512]}) 27... Kh7 28. Rbb3 ({White should try} 28. Rd1 $16) 28... Nb6 29. Rbc3 ({Much worse is} 29. Rxa3 Rxa3 30. Rxa3 Nxc4 $15) 29... Ng7 30. c5 dxc5 31. bxc5 Nd7 32. e5 Qd8 33. Nd4 $2 (33. Red3 $16 {and life is bright.}) 33... Re7 (33... Nxe5 $1 $17 34. Qd1 Nf5 35. fxe5 Nxe3 36. Rxe3 Qd5 {[%mdl 64] Double Attack}) 34. Qd1 (34. Rcd3 $11) 34... Qc7 $2 (34... Nxc5 $15 {stays ahead.} 35. Rxc5 Ne6) 35. Qc2 $36 {[%mdl 2048] White has the initiative.} ({Better is} 35. h4 $16) 35... Rd8 (35... Nf8 $14) 36. Rc4 (36. Rxa3 $16 Nf8 37. Red3) 36... Nxc5 $1 37. Rxa3 (37. Nxc6 $11 bxc6 38. Rxc5) 37... Nce6 38. Nf3 Red7 39. g4 {[#]} Nd4 (39... Rd1 $1 $17 40. Kg2 b5) 40. Nxd4 Rxd4 {Accuracy: White = 31%, Black = 15%.} 1/2-1/2